[Event "?"]
[Site "?"]
[Date "2019.05.24"]
[Round "4.1"]
[White "Lagunow, Raphael"]
[Black "Tschernatsch, Johannes"]
[Result "1-0"]
[WhiteElo "2420"]
[BlackElo "2029"]
[PlyCount "89"]
[EventDate "2019.??.??"]
[WhiteTeam "SK Zehlendorf e.V."]
[BlackTeam "USV Potsdam e.V., Abt. Schach"]

1. e4 c5 2. Nf3 d6 3. d4 cxd4 4. Nxd4 Nf6 5. Nc3 a6 6. Bg5 e6 7. f4 Be7 8. Qf3
Qc7 9. O-O-O O-O 10. g4 Nc6 11. Nxc6 bxc6 12. h4 Rb8 13. Rh3 a5 14. Bd3 Rb4 15.
a3 Rb6 16. e5 dxe5 17. fxe5 Nd5 18. Qe4 g6 19. Na4 Rb8 20. Bh6 Re8 21. h5 Nb4
22. Bc4 Nd5 23. hxg6 fxg6 24. Rf1 Bf8 25. Rfh1 Qf7 26. Bxf8 Rxf8 27. Rxh7 Qxh7
28. Rxh7 Kxh7 29. Bd3 Ne7 30. Nc5 Kg7 31. Qd4 Nd5 32. c4 Rf4 33. Nxe6+ Bxe6 34.
Qa7+ Rf7 35. Qxb8 Nf4 36. Be4 Ne2+ 37. Kd2 Nd4 38. Ke3 c5 39. b4 axb4 40. axb4
Bxg4 41. bxc5 Nf5+ 42. Bxf5 gxf5 43. Kf4 Rd7 44. e6 Rd4+ 45. Kg5 1-0

[Event "?"]
[Site "?"]
[Date "2019.05.24"]
[Round "4.2"]
[White "Figura, Atila Gajo"]
[Black "Glinzer, Christoph"]
[Result "1-0"]
[WhiteElo "2380"]
[BlackElo "2136"]
[PlyCount "45"]
[EventDate "2019.??.??"]
[WhiteTeam "SK Zehlendorf e.V."]
[BlackTeam "SK Zehlendorf e.V."]

1. d4 d5 2. c4 Nc6 3. Nf3 Bg4 4. Nc3 e6 5. Bf4 Nf6 6. e3 Bb4 7. Bd3 dxc4 8.
Bxc4 Nd5 9. Bxd5 exd5 10. Qb3 Bxf3 11. gxf3 O-O 12. O-O-O Bxc3 13. Qxc3 Qf6 14.
Rhg1 Rfe8 15. Kb1 a5 16. a3 Qf5+ 17. Qd3 Qxd3+ 18. Rxd3 Re7 19. Rc1 a4 20. Rdc3
Ra5 21. b4 axb3 22. Rxb3 Ra7 23. Rxc6 1-0

[Event "?"]
[Site "?"]
[Date "2019.05.24"]
[Round "4.3"]
[White "Paulsen, Dirk"]
[Black "Schmidt, Fabian"]
[Result "1-0"]
[WhiteElo "2325"]
[BlackElo "1862"]
[PlyCount "39"]
[EventDate "2019.??.??"]
[WhiteTeam "SC Kreuzberg e.V."]
[BlackTeam "SV Königsjäger Süd-West e.V."]

1. c4 c6 2. e4 d5 3. exd5 cxd5 4. d4 Nf6 5. Nc3 e6 6. Nf3 Be7 7. Bg5 dxc4 8.
Bxc4 Nbd7 9. O-O O-O 10. Qe2 b6 11. d5 exd5 12. Nxd5 Re8 13. Rfe1 Kf8 14. Nxe7
Rxe7 15. Qxe7+ Qxe7 16. Rxe7 Kxe7 17. Bd5 Rb8 18. Re1+ Kf8 19. Bf4 Nxd5 20.
Bd6+ 1-0

[Event "?"]
[Site "?"]
[Date "2019.05.24"]
[Round "4.4"]
[White "Burger, Heinrich"]
[Black "Weber, Erwin"]
[Result "1/2-1/2"]
[WhiteElo "2081"]
[BlackElo "2033"]
[PlyCount "35"]
[EventDate "2019.??.??"]
[WhiteTeam "SK CAISSA Hermsdorf-Frohnau"]
[BlackTeam "SC Weisse Dame e.V."]

1. Nf3 f5 2. d3 Nc6 3. d4 e6 4. g3 Nf6 5. Bg2 g6 6. O-O Bg7 7. c4 d5 8. b3 O-O
9. Bb2 Ne4 10. e3 g5 11. Nc3 Nxc3 12. Bxc3 f4 13. exf4 gxf4 14. Re1 fxg3 15.
hxg3 Qf6 16. Qe2 Qf5 17. Rad1 Bd7 18. Nh4 1/2-1/2

[Event "?"]
[Site "?"]
[Date "2019.05.24"]
[Round "4.5"]
[White "Fleischer, Matthias"]
[Black "Albrecht, Rainer"]
[Result "1/2-1/2"]
[WhiteElo "1793"]
[BlackElo "2059"]
[PlyCount "31"]
[EventDate "2019.??.??"]
[WhiteTeam "SK Zehlendorf e.V."]
[BlackTeam "SC Kreuzberg e.V."]

1. d4 e6 2. Bf4 f5 3. e3 Nf6 4. h3 g6 5. Nf3 Bg7 6. Be2 O-O 7. O-O d6 8. c4 Qe7
9. Nc3 b6 10. Rc1 Bb7 11. b4 Nbd7 12. Qb3 Kh8 13. c5 e5 14. Bh2 a6 15. cxd6
cxd6 16. Rfd1 1/2-1/2

[Event "?"]
[Site "?"]
[Date "2019.05.24"]
[Round "4.6"]
[White "Nuristani, Akbar"]
[Black "Böttcher, Patrick"]
[Result "0-1"]
[WhiteElo "1802"]
[BlackElo "2107"]
[PlyCount "26"]
[EventDate "2019.??.??"]
[WhiteTeam "SC Weisse Dame e.V."]
[BlackTeam "SC Zitadelle Spandau 1977 e.V."]

1. d4 Nf6 2. c4 c5 3. Nf3 cxd4 4. Nxd4 e5 5. Nc2 d5 6. e3 Nc6 7. cxd5 Qxd5 8.
Qxd5 Nxd5 9. a3 Bf5 10. Kd1 O-O-O 11. Nd2 Na5 12. e4 Bxe4 13. Nxe4 Nc3+ 0-1

[Event "?"]
[Site "?"]
[Date "2019.05.24"]
[Round "4.7"]
[White "Schilling, Florian"]
[Black "Olivares, Eduardo"]
[Result "1/2-1/2"]
[WhiteElo "1871"]
[BlackElo "2049"]
[PlyCount "137"]
[EventDate "2019.??.??"]
[BlackTeam "SC Zitadelle Spandau 1977 e.V."]

1. e4 c5 2. f4 g6 3. Nf3 Bg7 4. Nc3 Nc6 5. d3 e6 6. Be3 b6 7. e5 d5 8. d4 cxd4
9. Nxd4 Nxd4 10. Qxd4 Ne7 11. Bb5+ Bd7 12. Qa4 Bxb5 13. Qxb5+ Qd7 14. Qxd7+
Kxd7 15. O-O-O Kc6 16. a4 Nf5 17. Bf2 h5 18. Rhe1 Rhc8 19. h3 h4 20. Nb5 Rh8
21. Nd4+ Nxd4 22. Rxd4 Bf8 23. Rd3 Be7 24. Red1 Rac8 25. Rc3+ Kb7 26. Rdd3 Rxc3
27. Rxc3 g5 28. fxg5 Bxg5+ 29. Kd1 f6 30. Bd4 f5 31. Rf3 Be7 32. c3 Rg8 33. Rf2
a5 34. Ke1 Kc6 35. Kf1 b5 36. axb5+ Kxb5 37. b3 Bg5 38. Rf3 Be7 39. Bf2 a4 40.
bxa4+ Kxa4 41. Rf4+ Kb3 42. Be1 Ra8 43. Ke2 Ra2+ 44. Kf3 Ra1 45. Ke2 Kc2 46.
Rd4 Bd8 47. c4 Rxe1+ 48. Kxe1 Kc3 49. Rd1 Kxc4 50. Ke2 Bg5 51. Kf3 d4 52. g4
hxg3 53. Kxg3 Kd5 54. h4 Be3 55. h5 Kxe5 56. Kf3 Kf6 57. Rh1 Bh6 58. Re1 Bg5
59. Rh1 Kg7 60. Ke2 Bh6 61. Kd3 Be3 62. Kc4 Kh7 63. Rh3 Kh6 64. Rh1 Kg7 65. Rh3
Kh6 66. Rh1 f4 67. Kd3 f3 68. Ke4 f2 69. Ke5 {nach wenigen Zügen Remis} 1/2-1/2

[Event "?"]
[Site "?"]
[Date "2019.05.24"]
[Round "4.8"]
[White "Prix, Siegfried"]
[Black "Heerde, Thomas"]
[Result "0-1"]
[WhiteElo "1757"]
[BlackElo "2027"]
[PlyCount "114"]
[EventDate "2019.??.??"]
[WhiteTeam "SF Berlin 1903 e.V."]
[BlackTeam "SK Zehlendorf e.V."]

1. e4 c5 2. c4 Nc6 3. Nf3 g6 4. d4 cxd4 5. Nxd4 Bg7 6. Be3 Nf6 7. Nc3 Ng4 8.
Qxg4 Nxd4 9. Qd1 e5 10. Be2 O-O 11. O-O d6 12. Qd2 Be6 13. Nd5 f5 14. f3 Rc8
15. Rac1 Kh8 16. Kh1 b6 17. b3 Nc6 18. Bg5 Qd7 19. Rcd1 f4 20. Bh4 h6 21. g4
fxg3 22. Bxg3 g5 23. h4 Qf7 24. Rf2 g4 25. fxg4 Qg6 26. Nc3 Nd4 27. h5 Qh7 28.
Rdf1 Rxf2 29. Rxf2 b5 30. cxb5 Nxe2 31. Rxe2 Bxg4 32. Re3 Bf8 33. Nd5 Qf7 34.
Qf2 Qxh5+ 35. Kg1 Rc1+ 36. Re1 Bf3 37. Qh2 Rxe1+ 38. Bxe1 Qg4+ 39. Qg3 Qxg3+
40. Bxg3 Bxe4 41. Nc3 Bb7 42. a4 Bg7 43. Bf2 d5 44. Bxa7 d4 45. Nd1 e4 46. a5
Bd5 47. Bc5 Bxb3 48. a6 Bc4 49. a7 Bd5 50. b6 Kh7 51. Nb2 h5 52. Nc4 e3 53. Nd6
e2 54. Kf2 d3 55. b7 Bc3 56. Kg3 e1=Q+ 57. Bf2 Be5+ 0-1

[Event "?"]
[Site "?"]
[Date "2019.05.24"]
[Round "4.9"]
[White "Krueger, Michael"]
[Black "Döring, Martin"]
[Result "1-0"]
[WhiteElo "1920"]
[BlackElo "1818"]
[PlyCount "111"]
[EventDate "2019.??.??"]
[BlackTeam "SC Weisse Dame e.V."]

1. c4 e5 2. g3 f5 3. Bg2 Nf6 4. Nc3 c6 5. e3 Be7 6. Nge2 d6 7. d3 O-O 8. O-O
Be6 9. b3 Nbd7 10. Bb2 Qe8 11. d4 Bf7 12. d5 c5 13. Qc1 h6 14. Bh3 Bg6 15. f3
Nh7 16. Qd2 Ng5 17. Bg2 Bh7 18. h4 Nf7 19. Bh3 Nh8 20. Rf2 a6 21. Raf1 Qh5 22.
e4 Nf6 23. exf5 Bxf5 24. Bxf5 Qxf5 25. Bc1 Nf7 26. Rg2 Qh5 27. g4 Nxg4 28. fxg4
Qxh4 29. Qe1 Qxe1 30. Rxe1 Ng5 31. Bxg5 Bxg5 32. Nd1 Rf3 33. Rf2 Rd3 34. Ref1
a5 35. Nec3 Re8 36. Ne4 Bf4 37. Nxd6 Re7 38. Ne4 g5 39. Nxc5 Rg3+ 40. Rg2 Rh3
41. Ne6 a4 42. b4 b6 43. Re1 Rd3 44. Nxf4 gxf4 45. Nf2 Rd4 46. Re4 Rd2 47. Nh3
Rd1+ 48. Kh2 Kh7 49. Nxf4 Rf7 50. Ne6 Rff1 51. Re3 Rc1 52. c5 bxc5 53. bxc5 Rc4
54. Rxe5 Rc3 55. Rf5 Re1 56. Rgf2 1-0

[Event "?"]
[Site "?"]
[Date "2019.05.24"]
[Round "4.10"]
[White "Prey, Thomas"]
[Black "Große, Michael"]
[Result "0-1"]
[WhiteElo "1743"]
[BlackElo "1919"]
[PlyCount "98"]
[EventDate "2019.??.??"]
[WhiteTeam "SK Zehlendorf e.V."]
[BlackTeam "SK Zehlendorf e.V."]

1. e4 c5 2. c4 d6 3. b3 Nf6 4. d3 g6 5. Bb2 Bg7 6. Be2 O-O 7. Bf3 Nc6 8. Ne2
Ne5 9. Nf4 Nxf3+ 10. gxf3 e5 11. Ne2 Nh5 12. Nbc3 Qg5 13. Bc1 Qg2 14. Rg1 Qxh2
15. Be3 Nf4 16. Kd2 Ng2 17. a4 Nxe3 18. fxe3 Qf2 19. Rf1 Qg2 20. Ra2 f5 21. Qe1
fxe4 22. Rf2 Qh3 23. Nxe4 Qe6 24. Qh1 h6 25. Qg1 d5 26. cxd5 Qxd5 27. N2c3 Qc6
28. Nb5 Bf5 29. Nbd6 Rad8 30. Rg2 Bxe4 31. Nxe4 g5 32. Rc2 Rxf3 33. Rxc5 Qxe4
34. Rc3 Rxe3 35. Qxe3 Qxg2+ 36. Kc1 Rf8 37. Rc2 Rf1+ 38. Kb2 Qd5 39. Rc4 Rf3
40. Rc8+ Bf8 41. Rxf8+ Kxf8 42. Qxa7 Rxd3 43. Qb8+ Kg7 44. Qc7+ Kg6 45. Qb6+
Kh5 46. a5 e4 47. Qg1 Rd2+ 48. Kc1 Qd3 49. Qc5 e3 0-1

[Event "?"]
[Site "?"]
[Date "2019.05.24"]
[Round "4.11"]
[White "Dimitrijeski, Kristian"]
[Black "Krusemark, Gerhard"]
[Result "1-0"]
[WhiteElo "2167"]
[BlackElo "1779"]
[PlyCount "88"]
[EventDate "2019.??.??"]
[WhiteTeam "SK König Tegel 1949 e.V."]
[BlackTeam "TSG Rot-Weiß Fredersdorf/Vogelsd"]

1. d4 Nf6 2. c4 e6 3. Nc3 Bb4 4. Qc2 O-O 5. Nf3 c5 6. dxc5 Na6 7. a3 Bxc3+ 8.
Qxc3 Nxc5 9. g3 b6 10. Bg2 Bb7 11. O-O d5 12. Rd1 Qe7 13. Bg5 Nce4 14. Bxf6
Nxf6 15. cxd5 Bxd5 16. Rac1 Ne4 17. Qe5 Qf6 18. Rc7 Rfc8 19. Rdc1 Rxc7 20. Rxc7
Qd8 21. Qf4 f6 {(=)} 22. Qc1 Nc5 {(=)} 23. Qf4 e5 24. Nxe5 Bxg2 25. Nf7 Ne6 26.
Nxd8 Nxf4 27. gxf4 Bh3 28. Nc6 a6 29. f3 Kf8 30. e4 Be6 31. Kf2 Rc8 32. Nd4 Re8
33. Rc6 Bc8 34. Rxb6 Kf7 35. f5 Re7 36. Ke3 g6 37. fxg6+ hxg6 38. Nc6 Rc7 39.
Nb4 a5 40. Nd5 Rc1 41. Rxf6+ Kg7 42. Rb6 Rh1 43. Ne7 Be6 44. Rxe6 Kf7 1-0

[Event "?"]
[Site "?"]
[Date "2019.05.24"]
[Round "4.12"]
[White "Kunze, Martin"]
[Black "Vachkov, Temi"]
[Result "1-0"]
[WhiteElo "2135"]
[BlackElo "1794"]
[PlyCount "75"]
[EventDate "2019.??.??"]
[WhiteTeam "SC Weisse Dame e.V."]
[BlackTeam "SK Zehlendorf e.V."]

1. d4 Nf6 2. c4 g6 3. g3 Bg7 4. Bg2 d6 5. Nf3 c5 6. O-O O-O 7. Nc3 Nc6 8. dxc5
dxc5 9. Be3 Qa5 10. Qa4 Be6 11. Rac1 Nd7 12. Qxa5 Nxa5 13. b3 Nc6 14. Rfd1 h6
15. Nd5 Bf5 16. Nh4 Rad8 17. Nxf5 gxf5 18. Nf4 e5 19. Nh5 Nd4 20. Bxd4 cxd4 21.
Nxg7 Kxg7 22. Bxb7 Nc5 23. Bd5 Ne4 24. h3 Nc3 25. Rxc3 dxc3 26. Rc1 Rxd5 27.
cxd5 Rc8 28. d6 Rd8 29. Rxc3 Rxd6 30. Rc2 e4 31. e3 Rd1+ 32. Kg2 Rd6 33. Kf1 h5
34. h4 Kf6 35. Ke1 Ke5 36. Rd2 Rd3 37. Rxd3 exd3 38. f3 1-0

[Event "?"]
[Site "?"]
[Date "2019.05.24"]
[Round "4.13"]
[White "Godoj, Veit"]
[Black "Kumar, Amod"]
[Result "1/2-1/2"]
[WhiteElo "1995"]
[BlackElo "1769"]
[PlyCount "65"]
[EventDate "2019.??.??"]
[WhiteTeam "SV Königsjäger Süd-West e.V."]
[BlackTeam "SSV Rotation Berlin e.V."]

1. d4 Nf6 2. Nc3 g6 3. e4 d6 4. Be2 Bg7 5. g4 O-O 6. g5 Ne8 7. Be3 c6 8. a4 d5
9. Nf3 dxe4 10. Nxe4 Bf5 11. Ng3 Bh3 12. Qd2 Nc7 13. Bf1 Bg4 14. Bg2 Ne6 15. c3
Nc7 16. h3 Be6 17. h4 Nd5 18. h5 Nxe3 19. Qxe3 Bd5 20. O-O Nd7 21. Rfd1 Nb6 22.
h6 Bh8 23. Re1 Re8 24. Ne5 f6 25. Nf3 Nc4 26. Qe2 Nd6 27. Rac1 Bc4 28. Qc2 Qb6
29. Nd2 Bf7 30. b4 fxg5 31. a5 Qb5 {(=)} 32. Nf3 Nf5 33. Ne5 {(=)} 1/2-1/2

[Event "?"]
[Site "?"]
[Date "2019.05.24"]
[Round "4.14"]
[White "Tedesco, Gennaro"]
[Black "Schwedek, Tony"]
[Result "0-1"]
[WhiteElo "1660"]
[BlackElo "1963"]
[PlyCount "152"]
[EventDate "2019.??.??"]
[WhiteTeam "SC Kreuzberg e.V."]
[BlackTeam "SC Zitadelle Spandau 1977 e.V."]

1. d4 Nf6 2. Nf3 c5 3. d5 b5 4. Bg5 Qb6 5. c3 Bb7 6. Bxf6 Qxf6 7. e4 Qb6 8. Bd3
g6 9. Nbd2 Bg7 10. O-O O-O 11. Rb1 c4 12. Bc2 e6 13. dxe6 dxe6 14. Qe2 Nd7 15.
Rfd1 Rfd8 16. Nf1 Nc5 17. Ng3 Rxd1+ 18. Rxd1 Rd8 19. h3 Rd6 20. Rxd6 Qxd6 21.
Qd2 Qxd2 22. Nxd2 Bh6 23. Nf3 a6 24. Kf1 f6 25. Ke2 Kf7 26. Nd2 Ke7 27. f3 Bf4
28. Ngf1 h5 29. g3 Bc7 30. h4 g5 31. b3 cxb3 32. axb3 Be5 33. c4 b4 34. Ke3 a5
35. f4 gxf4+ 36. gxf4 Bb2 37. Ng3 Bc1 38. Kd4 Bxd2 39. Kxc5 Bxf4 40. Nxh5 Bc7
41. Kd4 Bc6 42. Ke3 {(=)} Bb6+ 43. Kf4 Kf7 44. Kg4 Bxe4 45. Bxe4 f5+ 46. Kf4
fxe4 47. Kxe4 Bf2 48. Nf4 Bxh4 49. Nd3 Bg3 50. Nc5 Ke7 51. Ke3 Bc7 52. Ne4 Kd7
53. Kd4 Kc6 54. Nd2 Bd6 55. Ne4 Bf4 56. Nf2 Bg3 57. Ne4 Be1 58. Kd3 e5 59. Nf6
Bh4 60. Ne4 Be7 61. Nd2 Kd6 62. Ke4 Bg5 63. Nf3 Bf4 64. Ne1 Bd2 65. Nd3 Bc3 66.
Nc1 Bb2 67. Nd3 Bd4 68. Nc1 Bc3 69. Nd3 a4 70. bxa4 b3 71. c5+ Kc6 72. a5 b2
73. Nxb2 Bxb2 74. a6 Bd4 75. a7 Kb7 76. c6+ Kxa7 0-1

[Event "?"]
[Site "?"]
[Date "2019.05.24"]
[Round "4.15"]
[White "Bédé, Maxime"]
[Black "Korell, Klaus-Peter"]
[Result "1/2-1/2"]
[WhiteElo "1528"]
[BlackElo "1852"]
[PlyCount "59"]
[EventDate "2019.??.??"]
[WhiteTeam "SK Zehlendorf e.V."]
[BlackTeam "WiHeil"]

1. e4 e6 2. b3 d5 3. Bb2 c5 4. exd5 exd5 5. Bb5+ Nc6 6. Nf3 Nf6 7. Qe2+ Be6 8.
Ne5 Rc8 9. Nxc6 bxc6 10. Ba6 Rb8 11. O-O Bd6 12. h3 O-O 13. Nc3 Re8 14. Qf3 Nd7
15. Rfe1 Qg5 16. Rad1 Bf5 17. Bd3 Bxd3 18. Qxd3 Qf4 19. g3 Qf6 20. Kg2 Ne5 21.
Qe2 Re7 22. f4 Ng6 23. Qf2 Rbe8 24. Nxd5 Nxf4+ 25. gxf4 Qg6+ 26. Kh2 Rxe1 27.
Rxe1 Rxe1 28. Qxe1 cxd5 29. Be5 Bf8 30. d3 1/2-1/2

[Event "?"]
[Site "?"]
[Date "2019.05.24"]
[Round "4.16"]
[White "Ellert, Stefan"]
[Black "Block, Werner"]
[Result "1/2-1/2"]
[WhiteElo "1510"]
[BlackElo "1979"]
[PlyCount "67"]
[EventDate "2019.??.??"]
[WhiteTeam "SV Empor Berlin e.V."]
[BlackTeam "SK CAISSA Hermsdorf-Frohnau"]

1. b4 e5 2. Bb2 d6 3. Nf3 Nf6 4. e3 Bg4 5. Be2 Be7 6. O-O Nbd7 7. c4 c6 8. d4
Bxf3 9. Bxf3 e4 10. Be2 d5 11. c5 a6 12. Nd2 Qc7 13. Nb3 O-O 14. f4 g6 15. Re1
Ne8 16. Kh1 f5 17. Rg1 Ndf6 18. g4 fxg4 19. Bxg4 Nxg4 20. Qxg4 Ng7 21. Raf1 Rf5
22. Nd2 a5 23. a3 axb4 24. axb4 Ra2 25. Bc3 Qd8 26. Ra1 Rc2 27. Rac1 Rxc1 28.
Rxc1 Bh4 29. Nf1 Bf2 30. Be1 Bxe1 31. Rxe1 Qa8 32. Ng3 Rf7 33. Kg1 Nf5 34. Nxf5
{(=)} 1/2-1/2

[Event "?"]
[Site "?"]
[Date "2019.05.24"]
[Round "4.17"]
[White "Jugert, Ole"]
[Black "Helling, Bernd"]
[Result "1-0"]
[WhiteElo "1729"]
[BlackElo "1565"]
[PlyCount "57"]
[EventDate "2019.??.??"]
[BlackTeam "SK Zehlendorf e.V."]

1. d4 e6 2. c4 d5 3. Nc3 Nf6 4. cxd5 exd5 5. Bg5 Be7 6. e3 O-O 7. Bd3 Nc6 8.
Nge2 Bg4 9. Rc1 Re8 10. h3 Bxe2 11. Bxe2 Ne4 12. Bf4 Bh4 13. Nxe4 Rxe4 14. Bd3
Re6 15. O-O Bg5 16. Qh5 Bh6 17. g4 Qf8 18. g5 Kh8 19. gxh6 gxh6 20. a3 Qg7+ 21.
Kh2 Ne7 22. Rg1 Qf8 23. Rxc7 Ng6 24. Bxg6 fxg6 25. Qxh6 Qxh6 26. Bxh6 b6 27.
Rgc1 Ree8 28. Rd7 Red8 29. Rcc7 1-0

[Event "?"]
[Site "?"]
[Date "2019.05.24"]
[Round "4.18"]
[White "Olschewsky, Roman"]
[Black "Körner, Reinhard"]
[Result "1-0"]
[WhiteElo "1664"]
[BlackElo "1524"]
[PlyCount "165"]
[EventDate "2019.??.??"]
[WhiteTeam "SVG Läufer Reinickendorf e.V."]
[BlackTeam "SC Kreuzberg e.V."]

1. c4 b6 2. Nf3 Bb7 3. Nc3 e6 4. e4 Bb4 5. Qb3 Bxc3 6. Qxc3 Bxe4 7. Qxg7 Qf6 8.
Qxf6 Nxf6 9. Be2 d6 10. d3 Bb7 11. g3 h6 12. O-O Nbd7 13. b3 O-O-O 14. Bb2 Rhg8
15. b4 h5 16. Nh4 Ng4 17. a4 f5 18. Bc1 Rdf8 19. h3 Ngf6 20. Kh2 Ne5 21. d4 Ng6
22. Nxg6 Rxg6 23. h4 Rfg8 24. Bg5 Ng4+ 25. Kh3 Rf8 26. a5 Kd7 27. axb6 axb6 28.
c5 dxc5 29. bxc5 Ra8 30. Rxa8 Bxa8 31. cxb6 cxb6 32. f3 Nf6 33. Rc1 Bc6 34. Ra1
Ke8 35. Ra6 Nd7 36. f4 Rg8 37. Bxh5+ Kf8 38. Be2 Kg7 39. Bc4 Kf7 40. Ra7 Ra8
41. Rxa8 Bxa8 42. Bb5 Nf8 43. Bd8 Bf3 44. Bxb6 Nh7 45. Bd8 Nf8 46. Kh2 Bb7 47.
Kg1 Bc8 48. Kf2 Bd7 49. Bxd7 Nxd7 50. Bg5 Nb6 51. Kf3 Nc4 52. Bd8 Nd6 53. Ba5
Ke8 54. Be1 Kf7 55. Ke2 Kg6 56. Kd3 Nf7 57. Kc4 Nd6+ 58. Kc5 Ne8 59. d5 exd5
60. Kxd5 Ng7 61. Ke5 Nh5 62. Kd4 Nf6 63. Ke3 Ng8 64. Ba5 Nh6 65. Bd8 Nf7 66.
Bg5 Nd6 67. Kf3 Nf7 68. g4 Nd6 69. h5+ Kh7 70. gxf5 Nxf5 71. Kg4 Ng7 72. f5 Ne8
73. f6 Nd6 74. Kf4 Nf7 75. Kf5 Nd8 76. Bc1 Nf7 77. Ke6 Kg8 78. Ke7 Nh8 79. Bh6
Nf7 80. Bf8 Ng5 81. h6 Nh7 82. f7+ Kh8 83. Bg7# 1-0

[Event "?"]
[Site "?"]
[Date "2019.05.24"]
[Round "4.19"]
[White "Kellner, René"]
[Black "Lippianowski, Stefan"]
[Result "0-1"]
[WhiteElo "1652"]
[BlackElo "1089"]
[PlyCount "34"]
[EventDate "2019.??.??"]
[WhiteTeam "Potsdamer SV Mitte e.V."]
[BlackTeam "SV Mattnetz Berlin e.V."]

1. e4 c6 2. Bc4 d5 3. exd5 cxd5 4. Bb5+ Bd7 5. Qe2 Nc6 6. Nf3 Nf6 7. Nc3 e6 8.
a3 Be7 9. Bxc6 Bxc6 10. d4 O-O 11. O-O Qc7 12. g3 Rac8 13. Bf4 Qb6 14. b4 Ne4
15. Bd2 Nxc3 16. Bxc3 Bb5 17. Qe5 Rxc3 0-1

[Event "?"]
[Site "?"]
[Date "2019.05.24"]
[Round "4.21"]
[White "Ellert, Oliver"]
[Black "Catalano, Enzo"]
[Result "0-1"]
[WhiteElo "1528"]
[BlackElo "1596"]
[PlyCount "60"]
[EventDate "2019.??.??"]
[WhiteTeam "SV Empor Berlin e.V."]
[BlackTeam "Queer-Springer SSV Berlin"]

1. g4 d5 2. Bg2 Nc6 3. h3 e5 4. e3 Be6 5. Ne2 Bd6 6. d4 exd4 7. Nxd4 Nxd4 8.
Qxd4 Qf6 9. Qa4+ Bd7 10. Qb3 Bc6 11. Bxd5 Bxd5 12. Qxd5 O-O-O 13. Qg2 Ne7 14.
Nd2 Ng6 15. Qf3 Qe7 16. Qe4 Qd7 17. Nf3 Ne5 18. Bd2 Nxf3+ 19. Qxf3 Be5 20.
O-O-O Qb5 21. c3 Rd7 22. Be1 Rxd1+ 23. Qxd1 Rd8 24. Qc2 Qd5 25. Rf1 Qxa2 26.
Qe2 Bd6 27. Bd2 a5 28. Rd1 a4 29. Kc2 Qb3+ 30. Kb1 Ba3 0-1

[Event "?"]
[Site "?"]
[Date "2019.05.24"]
[Round "4.22"]
[White "Baum, Rene"]
[Black "Langner, Hans-Rainer"]
[Result "0-1"]
[WhiteElo "1128"]
[BlackElo "1574"]
[PlyCount "66"]
[EventDate "2019.??.??"]
[WhiteTeam "SC Schwarzer Springer Schmargend"]
[BlackTeam "Tempelhofer SV Mariendorf 1897"]

1. d4 d5 2. c4 c6 3. Nc3 dxc4 4. e4 b5 5. Nf3 Nf6 6. Bg5 h6 7. Bh4 Qa5 8. Bxf6
exf6 9. Be2 Bb4 10. Qd2 O-O 11. O-O Nd7 12. a3 Bxc3 13. bxc3 Re8 14. Qc2 Bb7
15. Rfd1 Rad8 16. Nh4 c5 17. Bf3 cxd4 18. cxd4 Nf8 19. Nf5 Nh7 20. h4 Qb6 21.
a4 a6 22. Rd2 Bc8 23. Rad1 Bxf5 24. exf5 Re7 25. Kf1 Nf8 26. d5 Rd6 27. g4 Nd7
28. g5 hxg5 29. hxg5 fxg5 30. Be4 f6 31. Qa2 Nc5 32. Bc2 Ne4 33. Re2 Nc3 0-1

[Event "?"]
[Site "?"]
[Date "2019.05.24"]
[Round "4.23"]
[White "Nowak, Vladimir"]
[Black "Reck, Jessica"]
[Result "1-0"]
[WhiteElo "1662"]
[BlackElo "1677"]
[PlyCount "47"]
[EventDate "2019.??.??"]
[WhiteTeam "SK Zehlendorf e.V."]
[BlackTeam "SK König Tegel 1949 e.V."]

1. e4 b6 2. d4 Bb7 3. Nc3 e6 4. Bd3 Nf6 5. Nge2 d5 6. e5 Nfd7 7. Nf4 g6 8. Qg4
Qe7 9. Nb5 Na6 10. O-O Ndb8 11. c4 dxc4 12. Bxc4 Nc6 13. a3 Na5 14. Ba2 Qd7 15.
Nc3 h5 16. Qe2 Bg7 17. d5 Nc5 18. dxe6 fxe6 19. b4 Ncb3 20. bxa5 Nxa1 21. Bb2
Qc6 22. Bxe6 Nc2 23. Qxc2 Ke7 24. Bd5 1-0

[Event "?"]
[Site "?"]
[Date "2019.05.24"]
[Round "4.24"]
[White "Tham, Franz"]
[Black "Mayer, Florent"]
[Result "0-1"]
[WhiteElo "1549"]
[BlackElo "1458"]
[PlyCount "68"]
[EventDate "2019.??.??"]
[WhiteTeam "TSG Rot-Weiß Fredersdorf/Vogelsd"]
[BlackTeam "SK Zehlendorf e.V."]

1. Nf3 d5 2. d4 c5 3. dxc5 Nc6 4. g3 Bf5 5. Bg2 e6 6. O-O Bxc5 7. a3 h6 8. Nc3
Nf6 9. Nb5 a6 10. Nc3 O-O 11. e3 Bg4 12. b4 Bd6 13. Bb2 b5 14. Qd2 Bc7 15. Nd4
Ne5 16. Qe1 Nc4 17. Bc1 Qd7 18. f3 e5 19. Nb3 Bh3 20. Qd1 Bxg2 21. Kxg2 Bb6 22.
Re1 Rfd8 23. Nd2 Nxe3+ 24. Rxe3 Bxe3 25. Qe2 Bd4 26. Bb2 Qf5 27. Nb3 Rac8 28.
Qd2 Rc7 29. Rc1 Bxc3 30. Bxc3 Rdc8 31. Nc5 d4 32. Bb2 Nd5 33. Ne4 Ne3+ 34. Kf2
Rxc2 0-1

[Event "?"]
[Site "?"]
[Date "2019.05.24"]
[Round "4.25"]
[White "Vahrenholt, Volker"]
[Black "Nguyen, Phuc Nhat"]
[Result "0-1"]
[WhiteElo "1379"]
[BlackElo "1466"]
[PlyCount "52"]
[EventDate "2019.??.??"]
[WhiteTeam "SK Zehlendorf e.V."]
[BlackTeam "SC Zugzwang 95 e.V."]

1. e4 e5 2. Nf3 Nc6 3. Nc3 Bc5 4. Bc4 Nf6 5. O-O d6 6. d3 Bg4 7. Bg5 Nd4 8. Nd5
c6 9. Nxf6+ gxf6 10. Bh6 Nxf3+ 11. gxf3 Bh3 12. Kh1 Bxf1 13. Qxf1 Rg8 14. Qh3
Bxf2 15. Qh5 Qd7 16. a4 Rg6 17. b4 O-O-O 18. a5 Rdg8 19. h3 Rg1+ 20. Rxg1 Rxg1+
21. Kh2 Rg6 22. f4 Be3 23. Bf8 Bxf4+ 24. Kh1 Rg5 25. Qxh7 d5 26. exd5 Rg3 0-1